伊丹空港に就航している航空会社 - Statistics

General Stats
  • This quiz has been taken 52 times
  • The average score is 4 of 7
Answer Stats
Hint Answer % Correct
日本 全日本空輸
100%
日本 日本航空
100%
日本 アイベックスエアラインズ
47%
日本 ジェイエア
42%
日本 天草エアライン
33%
日本 日本エアコミューター
30%
日本 ANAウイングス
21%
No matching quizzes found
Score Distribution
Percent of People with Each Score
Percentile by Number Answered
Your Score History
You have not taken this quiz